[Event "PMPJ 2022 - C13"]
[Site "Jastrzebia Gora"]
[Date "2022.11.12"]
[Round "2.7"]
[White "Wojtacha, Krzysztof"]
[Black "Fil, Grzegorz"]
[Result "1-0"]
[BlackElo "1140"]
[WhiteElo "1506"]
[LiveChessVersion "1.4.4"]

1. e4 {[%clk 1:30:58]} c5 {[%clk 1:30:57]} 2. Nf3 {[%clk 1:31:19]} Nc6
{[%clk 1:31:23]} 3. d4 {[%clk 1:31:40]} cxd4 {[%clk 1:31:48]} 4. Nxd4
{[%clk 1:32:05]} e5 {[%clk 1:32:11]} 5. Nb5 {[%clk 1:32:30]} d6 {[%clk 1:32:35]}
6. c4 {[%clk 1:32:18]} Be6 {[%clk 1:31:50]} 7. N5c3 {[%clk 1:30:26]} Be7
{[%clk 1:31:12]} 8. Nd5 {[%clk 1:28:55]} Nf6 {[%clk 1:26:53]} 9. Bd3
{[%clk 1:25:41]} Rc8 {[%clk 1:23:36]} 10. Nbc3 {[%clk 1:20:00]} O-O
{[%clk 1:22:25]} 11. O-O {[%clk 1:17:05]} Nd7 {[%clk 1:14:08]} 12. Be3
{[%clk 1:11:57]} Bg5 {[%clk 1:04:22]} 13. Bxg5 {[%clk 0:59:36]} Qxg5
{[%clk 1:04:43]} 14. Nb5 {[%clk 0:57:32]} Nd4 {[%clk 0:57:24]} 15. f4
{[%clk 0:52:43]} Qh6 {[%clk 0:51:31]} 16. Ne7+ {[%clk 0:50:51]} Kh8
{[%clk 0:51:56]} 17. Nxd4 {[%clk 0:49:21]} Rce8 {[%clk 0:51:38]} 18. Nef5
{[%clk 0:48:15]} Bxf5 {[%clk 0:48:20]} 19. Nxf5 {[%clk 0:47:56]} Qf6
{[%clk 0:48:15]} 20. Qd2 {[%clk 0:38:48]} Nc5 {[%clk 0:47:19]} 21. b4
{[%clk 0:36:47]} Nxd3 {[%clk 0:47:39]} 22. Qxd3 {[%clk 0:37:11]} exf4
{[%clk 0:48:04]} 23. Qxd6 {[%clk 0:35:27]} Qxd6 {[%clk 0:48:12]} 24. Nxd6
{[%clk 0:35:49]} Re6 {[%clk 0:48:04]} 25. Rad1 {[%clk 0:34:20]} Kg8
{[%clk 0:48:07]} 26. Rxf4 {[%clk 0:32:58]} Rd8 {[%clk 0:48:05]} 27. c5
{[%clk 0:33:13]} b6 {[%clk 0:48:16]} 28. Rd4 {[%clk 0:31:05]} bxc5
{[%clk 0:48:14]} 29. bxc5 {[%clk 0:31:30]} Re5 {[%clk 0:48:34]} 30. Nxf7
{[%clk 0:30:18]} Rxd4 {[%clk 0:48:58]} 31. Nxe5 {[%clk 0:30:43]} Rd1+
{[%clk 0:49:20]} 32. Kf2 {[%clk 0:31:07]} Rc1 {[%clk 0:49:44]} 33. c6
{[%clk 0:31:23]} Rc2+ {[%clk 0:50:10]} 34. Ke3 {[%clk 0:30:56]} Rxa2
{[%clk 0:50:03]} 35. c7 {[%clk 0:31:15]} Rc2 {[%clk 0:50:28]} 36. Rf7
{[%clk 0:31:34]} a5 {[%clk 0:50:52]} 37. Rd7 {[%clk 0:31:46]} Rxc7
{[%clk 0:50:38]} 38. Rd8# {[%clk 0:32:09]} 1-0

[Event "PMPJ 2022 - C13"]
[Site "Jastrzebia Gora"]
[Date "2022.11.12"]
[Round "2.9"]
[White "Rzap, Filip"]
[Black "Przybylski, Jan"]
[Result "0-1"]
[BlackElo "1638"]
[WhiteElo "1386"]
[LiveChessVersion "1.4.4"]

1. e4 e5 2. Nf3 Nc6 3. Bb5 a6 4. Ba4 Nf6 5. O-O b5 6. Bb3 Be7 7. Re1 d6 8. c3 O-O
9. h3 Na5 10. Bc2 c5 11. d4 Qc7 12. d5 Bd7 13. Nbd2 Rfc8 14. Nf1 Nc4 15. Ng3 Bd8
16. Nh4 a5 17. Nhf5 a4 18. Bd3 Na5 19. f4 Nb7 {[%clk 0:22:36]} 20. Bd2
{[%clk 0:27:16]} g6 {[%clk 0:18:19]} 21. fxe5 {[%clk 0:24:44]} dxe5
{[%clk 0:17:34]} 22. Ne3 {[%clk 0:19:28]} c4 {[%clk 0:16:19]} 23. Bc2 Nd6 24. Rf1
Kg7 25. Qe2 Qa7 26. a3 h5 27. Qf3 Be7 28. Kh1 Rh8 29. Rf2 Bg4 30. Nxg4 hxg4 31.
Qe3 Qxe3 32. Bxe3 gxh3 33. gxh3 Rxh3+ 34. Kg2 Rxg3+ 35. Kxg3 Nfxe4+ 36. Bxe4
Nxe4+ 37. Kf3 Nxf2 38. Bxf2 Bd6 39. Rh1 Rh8 40. Bh4 g5 0-1

[Event "PMPJ 2022 - C13"]
[Site "Jastrzebia Gora"]
[Date "2022.11.12"]
[Round "2.10"]
[White "Warchol, Wiktor"]
[Black "Wiecek, Dominik"]
[Result "0-1"]
[BlackElo "1077"]
[WhiteElo "1254"]
[LiveChessVersion "1.4.4"]

1. e4 e5 2. Nf3 Nc6 3. d4 exd4 4. Nxd4 Nf6 5. Nc3 Bb4 6. Nxc6 bxc6 7. Bd3 O-O 8.
O-O h6 9. Bf4 d6 10. h3 Re8 11. Qf3 Bb7 12. Rad1 c5 13. Rfe1 Bxc3 14. bxc3 c4 15.
Bxc4 Bxe4 16. Rxe4 Rxe4 17. Bd5 Nxd5 18. Rxd5 Re1+ 19. Kh2 Qf6 20. Rxd6 cxd6 21.
Qxa8+ Kh7 22. Qf3 g5 23. Qd3+ Kg8 24. Be3 Qe5+ 25. g3 a6 26. Kg2 d5 27. c4 Qe4+
28. Qxe4 dxe4 29. c5 Kf8 30. c6 Ke7 31. Bc5+ Kd8 32. Bb6+ Kc8 33. a4 a5 34. Bxa5
Ra1 35. Bd2 Rxa4 36. h4 f6 37. Bc3 f5 38. h5 Rc4 39. Bg7 Rxc6 40. c3 g4 41. Kf1
Rc7 42. Bxh6 Rh7 43. Bd2 Rxh5 44. c4 Kd7 45. c5 Rh1+ 46. Ke2 Kc6 47. Be3 Kd5 48.
Kd2 Rb1 49. Kc2 Rb5 50. Kd2 Rxc5 51. Bxc5 Kxc5 52. Ke3 Kd5 53. Kf4 Ke6 54. Ke3
Ke5 55. Ke2 f4 56. gxf4+ Kxf4 57. Ke1 e3 58. fxe3+ Kxe3 59. Kf1 Kf3 60. Kg1 Kg3
61. Kf2+ Kf4 62. Kg2 g3 63. Kg1 Kf3 64. Kf1 g2+ 65. Kg1 0-1

[Event "PMPJ 2022 - C13"]
[Site "Jastrzebia Gora"]
[Date "2022.11.12"]
[Round "2.11"]
[White "Prokopiuk, Jakub"]
[Black "Raszkiewicz, Wiktor"]
[Result "1/2-1/2"]
[BlackElo "1221"]
[WhiteElo "1651"]
[LiveChessVersion "1.4.4"]

1. e4 e5 2. Nf3 Nf6 3. Nxe5 d6 4. Nf3 Nxe4 5. Nc3 Nxc3 6. dxc3 Be6 7. Be3 Be7 8.
Qd2 Nc6 9. Bd3 Bf6 10. O-O {[%clk 1:26:32]} O-O {[%clk 1:28:41]} 11. Ng5
{[%clk 1:16:26]} Bxg5 {[%clk 1:26:38]} 12. Bxg5 {[%clk 1:16:19]} f6
{[%clk 1:25:49]} 13. Bf4 {[%clk 1:09:27]} Ne5 {[%clk 1:23:01]} 14. Bxe5
{[%clk 1:08:43]} fxe5 {[%clk 1:18:07]} 15. Rae1 {[%clk 1:05:13]} Rf6
{[%clk 1:09:25]} 16. Re3 {[%clk 1:02:27]} Qd7 {[%clk 1:04:04]} 17. Rg3
{[%clk 0:58:35]} Kh8 {[%clk 1:00:34]} 18. Re1 {[%clk 0:46:49]} Bf5
{[%clk 0:58:27]} 19. Bxf5 {[%clk 0:45:22]} Rxf5 {[%clk 0:56:26]} 20. Re4 Qf7
{[%clk 0:48:20]} 21. b3 {[%clk 0:37:42]} Rf8 {[%clk 0:46:22]} 22. f3
{[%clk 0:35:19]} Rf4 {[%clk 0:43:03]} 23. Rg4 {[%clk 0:30:32]} Rxe4
{[%clk 0:32:02]} 24. Rxe4 {[%clk 0:30:47]} Re8 {[%clk 0:29:47]} 25. c4
{[%clk 0:29:53]} Qd7 {[%clk 0:28:45]} 26. Qe3 {[%clk 0:20:35]} b6
{[%clk 0:27:20]} 27. f4 {[%clk 0:19:45]} Qg4 {[%clk 0:19:13]} 28. Qe1
{[%clk 0:16:54]} Qe6 {[%clk 0:18:32]} 29. fxe5 {[%clk 0:16:54]} Kg8
{[%clk 0:17:38]} 30. c3 {[%clk 0:14:21]} Re7 {[%clk 0:16:59]} 31. Qd2
{[%clk 0:12:01]} Re8 1/2-1/2

[Event "PMPJ 2022 - C13"]
[Site "Jastrzebia Gora"]
[Date "2022.11.12"]
[Round "2.12"]
[White "Krogulski, Maksymilian"]
[Black "Kwiatkowski, Michal"]
[Result "1-0"]
[BlackElo "1198"]
[WhiteElo "1515"]
[LiveChessVersion "1.4.4"]

1. e4 c5 2. Nf3 d6 3. c3 Nf6 4. h3 Nc6 5. Bd3 e5 6. O-O g5 7. Re1 g4 8. hxg4 Bxg4
9. Bc4 Qd7 10. d3 Be7 11. Nbd2 Rg8 12. Qb3 O-O-O 13. Bxf7 Rg7 14. Bc4 Na5 15. Qb5
Nxc4 16. Qxd7+ Kxd7 17. dxc4 Rdg8 18. g3 h5 19. Kg2 Nh7 20. Rh1 Ng5 21. Nxg5 Bxg5
22. Nf3 Bxc1 23. Raxc1 Rf7 24. Nh4 Rgf8 25. Rc2 Be6 26. b3 a6 27. Rd2 Kc6 28.
Rhd1 Rd7 29. a4 a5 30. f3 Rf6 31. Rf2 Rdf7 32. Rdf1 b6 33. f4 Bg4 34. f5 Rd7 35.
Rd2 Rdf7 36. Rff2 Rg7 37. Rd3 Rd7 38. Rfd2 Ra7 39. Ng6 Rd7 40. Nxe5+ dxe5 41.
Rxd7 1-0

[Event "PMPJ 2022 - C13"]
[Site "Jastrzebia Gora"]
[Date "2022.11.12"]
[Round "2.13"]
[White "Rajlich, Vaclav"]
[Black "Jasion, Wiktor"]
[Result "1-0"]
[BlackElo "1180"]
[WhiteElo "1488"]
[LiveChessVersion "1.4.4"]

1. e4 {[%clk 1:30:58]} e6 {[%clk 1:30:45]} 2. d4 {[%clk 1:31:24]} d5
{[%clk 1:30:51]} 3. Nd2 {[%clk 1:31:49]} Nf6 {[%clk 1:30:56]} 4. e5
{[%clk 1:32:14]} Nfd7 {[%clk 1:30:56]} 5. f4 {[%clk 1:32:05]} c5 {[%clk 1:30:36]}
6. c3 {[%clk 1:32:20]} Nc6 {[%clk 1:30:20]} 7. Ngf3 {[%clk 1:32:17]} Qb6
{[%clk 1:30:20]} 8. Nb3 {[%clk 1:29:31]} Be7 {[%clk 1:28:14]} 9. Be2
{[%clk 1:28:10]} f6 {[%clk 1:28:23]} 10. Rb1 {[%clk 1:12:03]} O-O
{[%clk 1:27:24]} 11. Rf1 {[%clk 1:09:57]} cxd4 {[%clk 1:25:32]} 12. cxd4
{[%clk 1:10:06]} fxe5 {[%clk 1:24:50]} 13. fxe5 {[%clk 1:10:17]} Bb4+
{[%clk 1:22:16]} 14. Bd2 {[%clk 1:10:36]} a5 {[%clk 1:20:02]} 15. Bc3
{[%clk 1:08:54]} a4 {[%clk 1:18:09]} 16. Nbd2 {[%clk 1:08:17]} Qa5
{[%clk 1:16:29]} 17. Qc2 {[%clk 1:07:38]} a3 {[%clk 1:15:06]} 18. Nb3
{[%clk 1:07:23]} Bxc3+ {[%clk 1:15:08]} 19. bxc3 {[%clk 1:07:44]} Qa4
{[%clk 1:11:59]} 20. Ng5 {[%clk 1:07:14]} Rxf1+ {[%clk 1:10:32]} 21. Kxf1
{[%clk 1:07:36]} Nf8 {[%clk 1:10:11]} 22. Bd3 {[%clk 1:06:40]} g6
{[%clk 1:10:15]} 23. Qf2 {[%clk 1:06:24]} Nd8 {[%clk 1:10:00]} 24. Kg1
{[%clk 1:04:24]} Qd7 {[%clk 1:09:22]} 25. Rf1 {[%clk 1:04:36]} Qe7
{[%clk 1:09:35]} 26. c4 {[%clk 1:03:14]} Bd7 {[%clk 1:07:45]} 27. cxd5
{[%clk 1:03:20]} exd5 {[%clk 1:07:59]} 28. Nc5 {[%clk 0:54:50]} Be8
{[%clk 1:08:05]} 29. Bc2 {[%clk 0:33:37]} b6 {[%clk 1:07:12]} 30. Bb3
{[%clk 0:33:32]} bxc5 {[%clk 1:05:53]} 31. Bxd5+ {[%clk 0:33:52]} Nde6
{[%clk 1:04:49]} 32. Nxe6 {[%clk 0:33:41]} Nxe6 {[%clk 1:04:42]} 33. Bxa8
{[%clk 0:33:20]} cxd4 {[%clk 1:02:57]} 34. Bd5 {[%clk 0:33:16]} Bf7
{[%clk 1:03:11]} 35. Qf4 1-0

[Event "PMPJ 2022 - C13"]
[Site "Jastrzebia Gora"]
[Date "2022.11.12"]
[Round "2.14"]
[White "Glaz, Michal"]
[Black "Michalak, Leon"]
[Result "1/2-1/2"]
[BlackElo "1147"]
[WhiteElo "1365"]
[LiveChessVersion "1.4.4"]

1. e4 {[%clk 1:30:30]} e5 {[%clk 1:30:54]} 2. Nf3 {[%clk 1:30:54]} Nc6
{[%clk 1:31:20]} 3. d4 {[%clk 1:31:20]} exd4 {[%clk 1:31:44]} 4. Nxd4
{[%clk 1:31:46]} Bc5 {[%clk 1:32:09]} 5. Nb3 {[%clk 1:32:09]} Bb6
{[%clk 1:32:29]} 6. Nc3 {[%clk 1:32:34]} d6 {[%clk 1:32:52]} 7. Qe2
{[%clk 1:32:59]} Be6 {[%clk 1:33:07]} 8. Be3 {[%clk 1:33:21]} Qe7
{[%clk 1:33:20]} 9. O-O-O {[%clk 1:32:08]} O-O-O {[%clk 1:33:40]} 10. f3
{[%clk 1:30:36]} h6 {[%clk 1:34:00]} 11. Bxb6 {[%clk 1:25:14]} axb6
{[%clk 1:34:23]} 12. Qf2 {[%clk 1:24:33]} Nf6 {[%clk 1:34:09]} 13. Bb5
{[%clk 1:23:34]} Bd7 {[%clk 1:33:30]} 14. Rhe1 {[%clk 1:21:18]} Ne5
{[%clk 1:33:39]} 15. Bxd7+ {[%clk 1:11:14]} Qxd7 {[%clk 1:28:45]} 16. Nd5
{[%clk 1:08:18]} Nxd5 {[%clk 1:28:36]} 17. Rxd5 {[%clk 1:07:09]} Rhe8
{[%clk 1:25:40]} 18. Red1 {[%clk 1:01:38]} Nc6 {[%clk 1:20:41]} 19. R5d2
{[%clk 1:00:09]} Qe7 {[%clk 1:09:04]} 20. Qg3 {[%clk 0:57:30]} Qe5
{[%clk 1:06:32]} 21. Qg4+ {[%clk 0:53:03]} Kb8 {[%clk 1:04:45]} 22. Kb1
{[%clk 0:50:59]} Qf6 {[%clk 1:01:42]} 23. Nd4 {[%clk 0:48:58]} Ne5
{[%clk 0:59:54]} 24. Qf5 {[%clk 0:45:34]} Nd7 {[%clk 0:54:59]} 25. Qxf6
{[%clk 0:45:23]} Nxf6 {[%clk 0:55:25]} 26. Nf5 {[%clk 0:45:44]} Rg8
{[%clk 0:50:33]} 27. e5 {[%clk 0:43:44]} Ne8 28. exd6 {[%clk 0:42:36]} cxd6
{[%clk 0:45:37]} 29. Nxd6 {[%clk 0:41:58]} Nxd6 {[%clk 0:45:24]} 30. Rxd6
{[%clk 0:42:22]} Rxd6 {[%clk 0:45:17]} 31. Rxd6 {[%clk 0:42:51]} Re8
{[%clk 0:45:26]} 32. Rd1 {[%clk 0:34:49]} Re2 {[%clk 0:45:50]} 33. Rg1
{[%clk 0:35:15]} Kc7 {[%clk 0:46:08]} 34. b3 {[%clk 0:35:41]} b5 {[%clk 0:45:25]}
35. a3 {[%clk 0:31:28]} Kc6 {[%clk 0:45:42]} 36. Kb2 {[%clk 0:31:40]} g5
{[%clk 0:39:30]} 37. Kc3 {[%clk 0:31:32]} f5 {[%clk 0:39:27]} 38. Kd3
{[%clk 0:20:35]} Re5 {[%clk 0:37:20]} 39. g3 {[%clk 0:19:35]} Rd5+
{[%clk 0:29:49]} 40. Kc3 {[%clk 0:18:50]} Re5 {[%clk 0:58:47]} 41. Kd2
{[%clk 0:49:11]} Rd5+ {[%clk 0:58:19]} 42. Kc1 {[%clk 0:47:42]} Re5
{[%clk 0:58:38]} 43. Rg2 {[%clk 0:47:47]} Re1+ {[%clk 0:57:21]} 44. Kb2
{[%clk 0:47:24]} Re3 {[%clk 0:15:48]} 45. f4 {[%clk 0:17:21]} g4 {[%clk 0:15:33]}
46. Rd2 {[%clk 0:17:15]} Re8 {[%clk 0:12:28]} 47. Kc3 {[%clk 0:17:10]} Re3+
{[%clk 0:12:39]} 48. Kb4 {[%clk 0:15:34]} Re4+ {[%clk 0:12:17]} 49. c4
{[%clk 0:12:35]} bxc4 {[%clk 0:11:03]} 50. Rc2 {[%clk 0:09:29]} Kd6
{[%clk 0:10:27]} 51. Rd2+ {[%clk 0:09:40]} Kc6 {[%clk 0:09:29]} 52. Rc2
{[%clk 0:09:57]} Kd6 {[%clk 0:09:42]} 53. Rd2+ {[%clk 0:08:22]} Kc6
{[%clk 0:10:04]} 54. bxc4 {[%clk 0:08:49]} Re8 {[%clk 0:09:39]} 55. Rd5
{[%clk 0:07:50]} Re2 {[%clk 0:09:19]} 56. Rxf5 {[%clk 0:08:12]} Rxh2
{[%clk 0:09:39]} 57. Rf6+ {[%clk 0:08:01]} Kc7 {[%clk 0:09:24]} 58. Rg6
{[%clk 0:07:51]} h5 {[%clk 0:06:49]} 59. Rh6 {[%clk 0:07:40]} Rh3
{[%clk 0:06:52]} 60. a4 {[%clk 0:06:46]} Rxg3 {[%clk 0:06:38]} 61. Rxh5
{[%clk 0:07:14]} Rf3 {[%clk 0:06:48]} 62. f5 {[%clk 0:07:40]} g3 {[%clk 0:07:09]}
63. Rg5 {[%clk 0:07:55]} g2 {[%clk 0:07:30]} 64. Rxg2 {[%clk 0:08:16]} Rxf5
{[%clk 0:07:51]} 65. Rg7+ {[%clk 0:08:41]} Kb8 {[%clk 0:08:16]} 66. c5
{[%clk 0:08:41]} Kc8 {[%clk 0:07:59]} 67. Kb5 {[%clk 0:08:30]} Rf6
{[%clk 0:08:20]} 68. Rg8+ {[%clk 0:08:13]} Kc7 {[%clk 0:08:36]} 69. Rg7+
{[%clk 0:08:38]} Kc8 {[%clk 0:09:01]} 70. Re7 {[%clk 0:08:31]} Rc6
{[%clk 0:08:38]} 71. Rg7 {[%clk 0:08:13]} Rf6 {[%clk 0:09:02]} 72. Rg5
{[%clk 0:08:35]} Re6 {[%clk 0:09:11]} 73. Rd5 {[%clk 0:08:43]} Re1
{[%clk 0:05:22]} 74. Rd4 {[%clk 0:08:42]} Kc7 {[%clk 0:05:23]} 75. Rf4
{[%clk 0:08:13]} Re6 {[%clk 0:05:36]} 76. Rf7+ {[%clk 0:08:37]} Kc8
{[%clk 0:06:00]} 77. Rf4 {[%clk 0:08:25]} Kc7 {[%clk 0:06:21]} 78. Rg4
{[%clk 0:07:53]} Rf6 79. Rd4 {[%clk 0:07:57]} Rf1 {[%clk 0:06:35]} 80. Rg4
{[%clk 0:07:53]} Rf6 {[%clk 0:06:57]} 81. Rg7+ {[%clk 0:08:17]} Kc8
{[%clk 0:07:22]} 82. Rg4 {[%clk 0:06:38]} Re6 {[%clk 0:07:19]} 83. Rd4
{[%clk 0:05:09]} Re1 {[%clk 0:07:38]} 84. Rc4 {[%clk 0:05:31]} Re6
{[%clk 0:07:52]} 85. c6 {[%clk 0:05:18]} Rxc6 {[%clk 0:07:56]} 1/2-1/2

[Event "PMPJ 2022 - C13"]
[Site "Jastrzebia Gora"]
[Date "2022.11.12"]
[Round "2.15"]
[White "Kryston, Aleksander"]
[Black "Krasniewski, Grzegorz"]
[Result "1-0"]
[BlackElo "1129"]
[WhiteElo "1323"]
[LiveChessVersion "1.4.4"]

1. c4 Nf6 2. Nc3 g6 3. g3 Bg7 4. Bg2 O-O 5. e3 d6 6. Nge2 c6 7. O-O e5 8. d3 Be6
9. a3 Na6 10. b4 d5 11. cxd5 Nxd5 12. Bb2 Nac7 13. Nxd5 Nxd5 14. d4 Qe7 15. Rc1
exd4 16. Nxd4 Qd7 17. Nxe6 Qxe6 18. Bxd5 Qxd5 19. Qxd5 cxd5 20. Bxg7 Kxg7 21. Rc7
b6 22. Rd1 Rfd8 23. Rc3 Rd7 24. Rcd3 Rad8 25. Rd4 Kf6 26. Kg2 Ke6 27. Kf3 f5 28.
R4d3 Rc8 29. R1d2 b5 1-0

[Event "PMPJ 2022 - C13"]
[Site "Jastrzebia Gora"]
[Date "2022.11.12"]
[Round "2.16"]
[White "Kuczmik, Adam"]
[Black "Chomicki, Kornel"]
[Result "0-1"]
[BlackElo "1313"]
[WhiteElo "1105"]
[LiveChessVersion "1.4.4"]

1. e4 e5 2. Nf3 Nc6 3. Bc4 Bc5 4. a4 Nf6 5. d3 d6 6. h3 h6 7. c3 a5 8. O-O O-O 9.
Nbd2 Be6 10. Qb3 Bxc4 11. Nxc4 Qd7 12. Be3 Bxe3 13. Nxe3 b6 14. Nh4 Ne7 15. Rad1
Qe6 16. Qc2 Rad8 17. f3 Nh5 18. Nhf5 Nxf5 19. Nxf5 Kh7 20. Qd2 Nf4 21. Kh2 g6 22.
Ne3 Rd7 23. Rh1 Rfd8 24. Ng4 f5 25. exf5 gxf5 26. Nf2 Rg7 27. g4 fxg4 28. fxg4
Rdg8 29. Rhg1 Qe7 30. Rg3 Qh4 31. Rdg1 h5 32. Qe3 Qe7 33. Ne4 hxg4 34. Nf2 Rg6
35. Nxg4 R8g7 36. d4 Nh5 37. R3g2 exd4 38. Qxd4 c5 39. Qd5 Nf4 40. Qf5 Nxg2 41.
Qh5+ Kg8 42. Nh6+ Rxh6 43. Qxh6 Qe5+ 44. Kh1 Qe4 45. Kh2 Qf4+ 46. Qxf4 Nxf4 0-1

[Event "PMPJ 2022 - C13"]
[Site "Jastrzebia Gora"]
[Date "2022.11.12"]
[Round "2.17"]
[White "Nagly, Krzysztof"]
[Black "Protas, Jakub"]
[Result "1-0"]
[BlackElo "1124"]
[WhiteElo "1306"]
[LiveChessVersion "1.4.4"]

1. e4 c5 2. Nf3 d6 3. c3 Nf6 4. h3 Nc6 5. Bd3 g6 6. O-O Bg7 7. Re1 e5 8. Be2 O-O
9. d3 Be6 10. Nbd2 b5 11. Nf1 a5 12. N3h2 Qc8 13. f4 exf4 14. Bxf4 Ne5 15. d4
cxd4 16. cxd4 Nc4 17. b3 Nh5 18. bxc4 Nxf4 19. cxb5 1-0

[Event "PMPJ 2022 - C13"]
[Site "Jastrzebia Gora"]
[Date "2022.11.12"]
[Round "2.18"]
[White "Bastock, Luis"]
[Black "Budzen, Wojciech"]
[Result "0-1"]
[BlackElo "1230"]
[WhiteElo "1035"]
[LiveChessVersion "1.4.4"]

1. e4 c5 2. Nf3 d6 3. d4 cxd4 4. Nxd4 Nf6 5. Nc3 a6 6. f3 e6 7. Be3 b5 8. Qd2 Bb7
9. Bd3 Nbd7 10. g4 h6 11. O-O-O b4 12. Nce2 d5 13. exd5 Nxd5 14. Nxe6 Qa5 15.
Nxg7+ Bxg7 16. Bc4 N7f6 17. Bd4 Rd8 18. Kb1 Ne7 19. Qe3 Nfd5 20. Bxd5 Bxd5 21. b3
Bxd4 22. Nxd4 Qc5 23. Qe5 Rg8 24. Rhe1 Qd6 25. Qxd6 Rxd6 26. Nf5 Re6 27. Rxe6
fxe6 28. Nxh6 Rg6 29. g5 Rxg5 30. Rf1 Rh5 31. Ng4 Rh3 32. Nf6+ Kf7 33. Nxd5 Nxd5
34. Rf2 Kf6 35. Kc1 Nc3 36. Kd2 Kf5 37. Ke3 Nd1+ 0-1

[Event "PMPJ 2022 - C13"]
[Site "Jastrzebia Gora"]
[Date "2022.11.12"]
[Round "3.1"]
[White "Zielonka, Adam"]
[Black "Nocek, Dominik"]
[Result "1/2-1/2"]
[BlackElo "1605"]
[WhiteElo "2058"]
[LiveChessVersion "1.4.4"]

1. c4 {[%clk 1:30:59]} Nf6 {[%clk 1:30:54]} 2. Nc3 {[%clk 1:31:26]} g6
{[%clk 1:31:17]} 3. e4 {[%clk 1:31:53]} d6 {[%clk 1:31:40]} 4. g3
{[%clk 1:32:20]} Bg7 {[%clk 1:32:00]} 5. Bg2 {[%clk 1:32:47]} O-O
{[%clk 1:32:16]} 6. Nge2 {[%clk 1:33:15]} c5 {[%clk 1:32:17]} 7. O-O
{[%clk 1:33:39]} Nc6 {[%clk 1:32:16]} 8. d3 {[%clk 1:34:05]} a6 {[%clk 1:31:31]}
9. h3 {[%clk 1:34:25]} Rb8 {[%clk 1:31:22]} 10. Rb1 {[%clk 1:34:53]} b5
{[%clk 1:30:03]} 11. b3 {[%clk 1:35:18]} Ne8 {[%clk 1:25:53]} 12. f4
{[%clk 1:34:28]} Bd7 {[%clk 1:24:08]} 13. f5 {[%clk 1:32:28]} Nd4
{[%clk 1:18:31]} 14. g4 {[%clk 1:31:52]} Nxe2+ {[%clk 1:07:08]} 15. Nxe2
{[%clk 1:32:19]} bxc4 {[%clk 1:06:58]} 16. dxc4 {[%clk 1:32:31]} a5
{[%clk 1:03:27]} 17. Bb2 {[%clk 1:29:40]} a4 {[%clk 1:00:20]} 18. Bxg7
{[%clk 1:29:58]} Kxg7 {[%clk 1:00:37]} 19. bxa4 {[%clk 1:29:52]} Rxb1
{[%clk 0:59:17]} 20. Qxb1 {[%clk 1:30:18]} Bxa4 {[%clk 0:58:45]} 21. Qb2+
{[%clk 1:27:38]} Kg8 {[%clk 0:48:34]} 22. g5 {[%clk 1:21:08]} Nc7
{[%clk 0:43:02]} 23. Qa3 {[%clk 1:17:23]} Bc6 {[%clk 0:40:16]} 24. f6
{[%clk 1:12:45]} exf6 {[%clk 0:35:51]} 25. gxf6 {[%clk 1:13:12]} h6
{[%clk 0:33:00]} 26. Qe3 {[%clk 1:11:28]} Kh7 {[%clk 0:32:57]} 27. Nf4
{[%clk 1:03:15]} Qxf6 {[%clk 0:27:42]} 28. Nd5 {[%clk 1:02:30]} Qd8
{[%clk 0:19:29]} 29. Nf6+ {[%clk 1:02:51]} Kg7 {[%clk 0:19:29]} 30. Ng4
{[%clk 0:51:50]} Qg5 {[%clk 0:15:47]} 31. Qc3+ {[%clk 0:47:02]} f6
{[%clk 0:15:56]} 32. Qg3 {[%clk 0:35:52]} 1/2-1/2

[Event "PMPJ 2022 - C13"]
[Site "Jastrzebia Gora"]
[Date "2022.11.12"]
[Round "3.2"]
[White "Kowalski, Witold"]
[Black "Bochniak, Franciszek"]
[Result "0-1"]
[BlackElo "1839"]
[WhiteElo "1528"]
[LiveChessVersion "1.4.4"]

1. e4 {[%clk 1:30:58]} e5 {[%clk 1:30:37]} 2. Nf3 {[%clk 1:31:18]} Nf6
{[%clk 1:31:01]} 3. Nxe5 {[%clk 1:31:32]} Nxe4 {[%clk 1:31:25]} 4. Qe2
{[%clk 1:31:36]} Qe7 {[%clk 1:31:48]} 5. Qxe4 {[%clk 1:31:52]} d6
{[%clk 1:32:16]} 6. d4 {[%clk 1:32:03]} dxe5 {[%clk 1:32:42]} 7. dxe5
{[%clk 1:32:17]} Nc6 {[%clk 1:33:07]} 8. Nc3 {[%clk 1:32:30]} Qxe5
{[%clk 1:33:16]} 9. Qxe5+ {[%clk 1:32:40]} Nxe5 {[%clk 1:33:45]} 10. Bf4
{[%clk 1:32:41]} Bd6 {[%clk 1:33:57]} 11. Bg3 {[%clk 1:32:28]} Bf5
{[%clk 1:23:25]} 12. O-O-O {[%clk 1:25:31]} O-O {[%clk 1:20:11]} 13. Rd5
{[%clk 1:16:20]} Be6 {[%clk 1:05:34]} 14. Rxe5 {[%clk 1:02:41]} Bxe5
{[%clk 1:05:25]} 15. Bxe5 {[%clk 1:02:56]} c6 {[%clk 1:04:57]} 16. Bd3 Rfd8
{[%clk 1:02:03]} 17. Rd1 {[%clk 0:38:36]} h6 {[%clk 0:51:19]} 18. b3
{[%clk 0:34:17]} Rd7 {[%clk 0:50:33]} 19. Bf4 {[%clk 0:26:49]} Kf8
{[%clk 0:43:34]} 20. Be2 {[%clk 0:22:00]} Rad8 {[%clk 0:42:56]} 21. Be3
{[%clk 0:21:27]} b6 {[%clk 0:42:58]} 22. Rxd7 {[%clk 0:20:44]} Rxd7
{[%clk 0:42:44]} 23. h3 {[%clk 0:18:35]} Ke7 {[%clk 0:40:04]} 24. Bf3
{[%clk 0:13:01]} Rc7 {[%clk 0:28:09]} 25. a4 {[%clk 0:11:27]} g5 {[%clk 0:25:23]}
26. b4 {[%clk 0:07:33]} Bc4 {[%clk 0:16:23]} 27. a5 {[%clk 0:06:11]} bxa5
{[%clk 0:16:20]} 28. bxa5 {[%clk 0:05:25]} Ke6 {[%clk 0:13:55]} 29. Na4
{[%clk 0:04:20]} Bd5 {[%clk 0:11:41]} 30. Nc5+ {[%clk 0:04:32]} Kd6
{[%clk 0:11:59]} 31. a6 {[%clk 0:04:34]} Bxf3 {[%clk 0:11:43]} 32. gxf3
{[%clk 0:05:00]} Kd5 {[%clk 0:11:57]} 33. Nb7 {[%clk 0:01:26]} c5
{[%clk 0:12:15]} 34. Na5 {[%clk 0:01:32]} c4 {[%clk 0:11:44]} 35. Nb7
{[%clk 0:00:59]} Rc6 {[%clk 0:12:03]} 36. Bxa7 {[%clk 0:00:39]} Rxa6
{[%clk 0:12:32]} 37. Be3 {[%clk 0:00:50]} Rf6 {[%clk 0:12:32]} 38. f4
{[%clk 0:00:33]} gxf4 {[%clk 0:12:55]} 39. Bd2 {[%clk 0:00:36]} Kd4
{[%clk 0:09:07]} 40. Kd1 {[%clk 0:00:36]} c3 {[%clk 0:08:23]} 41. Bc1
{[%clk 0:00:55]} f3 {[%clk 0:08:22]} 42. Be3+ {[%clk 0:00:47]} Kc4
{[%clk 0:08:47]} 43. Ke1 {[%clk 0:00:52]} Ra6 {[%clk 0:09:01]} 44. Kd1
{[%clk 0:00:36]} Rg6 {[%clk 0:09:22]} 0-1

[Event "PMPJ 2022 - C13"]
[Site "Jastrzebia Gora"]
[Date "2022.11.12"]
[Round "3.3"]
[White "Terkiewicz, Bruno"]
[Black "Wojtacha, Krzysztof"]
[Result "0-1"]
[BlackElo "1506"]
[WhiteElo "1839"]
[LiveChessVersion "1.4.4"]

1. d4 {[%clk 1:30:56]} Nf6 {[%clk 1:30:42]} 2. c4 {[%clk 1:31:14]} g6
{[%clk 1:30:53]} 3. Nc3 {[%clk 1:31:41]} Bg7 {[%clk 1:31:12]} 4. e4
{[%clk 1:32:07]} d6 {[%clk 1:31:26]} 5. Nf3 {[%clk 1:32:34]} O-O {[%clk 1:31:17]}
6. Be2 {[%clk 1:33:01]} e5 {[%clk 1:30:44]} 7. O-O {[%clk 1:33:27]} Nc6
{[%clk 1:30:09]} 8. d5 {[%clk 1:33:52]} Ne7 {[%clk 1:30:28]} 9. a4
{[%clk 1:33:53]} a5 {[%clk 1:30:10]} 10. Ne1 {[%clk 1:34:11]} Nd7
{[%clk 1:27:44]} 11. Nd3 {[%clk 1:34:34]} f5 {[%clk 1:26:45]} 12. f3
{[%clk 1:34:28]} Kh8 {[%clk 1:24:01]} 13. b3 {[%clk 1:33:49]} b6 {[%clk 1:23:33]}
14. Re1 {[%clk 1:28:54]} Ng8 {[%clk 1:16:31]} 15. Ba3 {[%clk 1:28:33]} Nc5
{[%clk 1:14:11]} 16. b4 {[%clk 1:28:24]} axb4 {[%clk 1:12:34]} 17. Bxb4
{[%clk 1:28:48]} Nb7 {[%clk 1:12:30]} 18. Bf1 {[%clk 1:18:47]} Nh6
{[%clk 1:08:54]} 19. Nc1 {[%clk 1:15:52]} g5 {[%clk 0:58:11]} 20. Be2
{[%clk 1:07:32]} g4 {[%clk 0:53:22]} 21. fxg4 {[%clk 1:07:31]} fxg4
{[%clk 0:48:26]} 22. Nb3 {[%clk 1:06:50]} g3 {[%clk 0:42:11]} 23. h3
{[%clk 1:06:20]} Qh4 {[%clk 0:40:15]} 24. Bf1 {[%clk 1:02:37]} Ng4
{[%clk 0:38:02]} 25. Nd2 {[%clk 0:58:31]} Nh2 {[%clk 0:30:43]} 26. Re3
{[%clk 0:54:34]} Bh6 {[%clk 0:28:37]} 27. Rd3 {[%clk 0:54:46]} Bxd2
{[%clk 0:21:59]} 28. Qxd2 {[%clk 0:55:03]} Rf2 {[%clk 0:11:15]} 29. Ne2
{[%clk 0:47:10]} Nxf1 {[%clk 0:07:24]} 30. Rxf1 {[%clk 0:47:28]} Rxg2+
{[%clk 0:07:37]} 31. Kxg2 {[%clk 0:47:12]} Qxh3+ {[%clk 0:07:58]} 32. Kf3
{[%clk 0:47:09]} Bg4+ {[%clk 0:07:10]} 33. Ke3 {[%clk 0:47:32]} g2+
{[%clk 0:07:33]} 0-1